Agenda propositiva desde la Sociedad Civil : presentada a los candidatos presidenciales, elecciones 2004 : un proceso de construcción y concertación colectivo (Record no. 9749)

MARC details
000 -LEADER
campo de control de longitud fija 01202nam a22002417a 4500
001 - NÚMERO DE CONTROL
campo de control 39245
005 - FECHA Y HORA DE LA ÚLTIMA TRANSACCIÓN
campo de control 20250522045840.0
008 - DATOS DE LONGITUD FIJA--INFORMACIÓN GENERAL
campo de control de longitud fija 5232272004 dr
040 ## - FUENTE DE CATALOGACIÓN
Centro catalogador/agencia de origen DO-BaUCT
Lengua de catalogación spa
Normas de descripción rda
041 0# - CÓDIGO DE IDIOMA
Código de lengua del texto/banda sonora o título independiente spa
082 0# - NÚMERO DE LA CLASIFICACIÓN DECIMAL DEWEY
Número de clasificación RD320.6
Número de ítem F769a
110 1# - ENTRADA PRINCIPAL--NOMBRE DE ENTIDAD CORPORATIVA
Nombre de entidad corporativa o nombre de jurisdicción como elemento de entrada Foro Ciudadano (República Dominicana)
245 10 - MENCIÓN DEL TÍTULO
Título Agenda propositiva desde la Sociedad Civil : presentada a los candidatos presidenciales, elecciones 2004 : un proceso de construcción y concertación colectivo
Mención de responsabilidad, etc. Foro Ciudadano ; Coalición por la transparencia y la Institucionalidad (CTI).
260 ## - PUBLICACIÓN, DISTRIBUCIÓN, ETC.
Lugar de publicación, distribución, etc. Santo Domingo, República Dominicana :
Nombre del editor, distribuidor, etc. Secretaría de Foro Ciudadano.
Fecha de publicación, distribución, etc. 2004
300 ## - DESCRIPCIÓN FÍSICA
Extensión 102páginas ;
Dimensiones 23cm
336 ## - TIPO DE CONTENIDO
Fuente rdacontent
Término de tipo de contenido texto
Código de tipo de contenido txt
337 ## - TIPO DE MEDIO
Fuente rdamedia
Nombre/término del tipo de medio sin mediación
Código del tipo de medio n
338 ## - TIPO DE SOPORTE
Fuente rdacarrier
Nombre/término del tipo de soporte volumen
Código del tipo de soporte nc
500 ## - NOTA GENERAL
Nota general Esta publicación contó con el apoyo de la Agencia de los Estados Unidos para el Desarrollo Internacional.
650 #4 - PUNTO DE ACCESO ADICIONAL DE MATERIA--TÉRMINO DE MATERIA
Término de materia o nombre geográfico como elemento de entrada Política Gubernamental -
-- Participación Polñitica -
Subdivisión general República Dominicana
-- República Dominicana -
Subdivisión cronológica Programas
651 #4 - PUNTO DE ACCESO ADICIONAL DE MATERIA--NOMBRE GEOGRÁFICO
Nombre geográfico República Dominicana -
Subdivisión general Política y gobierno, 2004
710 1# - ENTRADA AGREGADA--NOMBRE DE ENTIDAD CORPORATIVA
Nombre de entidad corporativa o nombre de jurisdicción como elemento de entrada Coalición por la Transparencia y la Institucionalidad (CTI)
Holdings
Estatus retirado Estado de pérdida Estado de daño No para préstamo Colección Biblioteca de origen Biblioteca actual Fecha de adquisición Total de préstamos Signatura topográfica completa Código de barras Visto por última vez Copia número Precio de reemplazo Tipo de ítem Koha
        Acervo general de Libros Biblioteca Central Mons. Favio M. Rivas S. Biblioteca Central Mons. Favio M. Rivas S. 08/04/2025   RD320.6 000000013034 23/05/2025 1 23/05/2025 Libros